[Event "Moscow Rapid Chess Cup 2018"]
[Site "?"]
[Date "2018.12.09"]
[Round "11.1"]
[White "Ulko, Jaroslav"]
[Black "Golubov, Saveliy"]
[Result "0-1"]
[BlackElo "2542"]
[WhiteElo "2424"]
[LiveChessVersion "1.4.8"]

1. d4 {[%clk 0:15:13]} Nf6 {[%clk 0:15:18]} 2. Nf3 {[%clk 0:15:21]} g6
{[%clk 0:15:22]} 3. c4 {[%clk 0:15:23]} Bg7 {[%clk 0:15:31]} 4. Nc3
{[%clk 0:15:32]} O-O {[%clk 0:15:37]} 5. e4 {[%clk 0:15:40]} d6 {[%clk 0:15:46]}
6. Be2 {[%clk 0:15:37]} e5 {[%clk 0:15:54]} 7. O-O {[%clk 0:15:44]} Nbd7
{[%clk 0:15:37]} 8. Re1 {[%clk 0:15:41]} Re8 {[%clk 0:14:14]} 9. d5
{[%clk 0:15:10]} Nh5 {[%clk 0:14:07]} 10. Bf1 {[%clk 0:14:06]} Bf8
{[%clk 0:14:02]} 11. Rb1 {[%clk 0:13:36]} Ng7 {[%clk 0:13:23]} 12. b4
{[%clk 0:13:43]} f5 {[%clk 0:13:30]} 13. exf5 {[%clk 0:12:28]} gxf5
{[%clk 0:13:24]} 14. Bg5 {[%clk 0:12:24]} Be7 {[%clk 0:13:15]} 15. Bxe7
{[%clk 0:10:28]} Qxe7 {[%clk 0:13:14]} 16. Qd2 {[%clk 0:10:22]} Nf6
{[%clk 0:08:50]} 17. Qg5 {[%clk 0:06:51]} Nd7 {[%clk 0:07:05]} 18. Nb5
{[%clk 0:06:07]} Nf8 {[%clk 0:04:49]} 19. Qxe7 {[%clk 0:06:04]} Rxe7
{[%clk 0:04:57]} 20. c5 {[%clk 0:06:10]} Rd7 {[%clk 0:04:48]} 21. cxd6
{[%clk 0:05:45]} cxd6 {[%clk 0:04:49]} 22. Rbc1 {[%clk 0:05:32]} a6
{[%clk 0:04:59]} 23. Nc7 {[%clk 0:04:20]} Rb8 {[%clk 0:05:08]} 24. b5
{[%clk 0:04:08]} axb5 {[%clk 0:05:14]} 25. Nxb5 {[%clk 0:03:31]} b6
{[%clk 0:05:06]} 26. Rc6 {[%clk 0:03:11]} Ne8 {[%clk 0:04:57]} 27. Nh4
{[%clk 0:01:55]} Rd8 {[%clk 0:04:47]} 28. f4 {[%clk 0:01:41]} exf4
{[%clk 0:03:58]} 29. Nd4 {[%clk 0:00:57]} Ng6 {[%clk 0:03:19]} 30. Nxg6
{[%clk 0:00:22]} hxg6 {[%clk 0:03:28]} 31. Re7 {[%clk 0:00:28]} Bd7
{[%clk 0:02:57]} 32. Rc1 {[%clk 0:00:23]} Kf8 {[%clk 0:01:59]} 33. Rce1
{[%clk 0:00:24]} Rbc8 {[%clk 0:01:32]} 34. Nc6 {[%clk 0:00:15]} Bxc6
{[%clk 0:00:47]} 35. dxc6 {[%clk 0:00:25]} Rc7 {[%clk 0:00:34]} 36. R7e6
{[%clk 0:00:23]} Kf7 {[%clk 0:00:43]} 37. Bc4 {[%clk 0:00:24]} d5
{[%clk 0:00:51]} 38. Bb3 {[%clk 0:00:34]} Nf6 {[%clk 0:00:50]} 39. R6e5
{[%clk 0:00:36]} Rd6 {[%clk 0:00:29]} 40. Ba4 {[%clk 0:00:44]} Ne4
{[%clk 0:00:28]} 41. Bb3 {[%clk 0:00:44]} Kf6 {[%clk 0:00:29]} 42. Rxd5
{[%clk 0:00:48]} Rdxc6 {[%clk 0:00:38]} 43. Rb5 {[%clk 0:00:47]} Rd6
{[%clk 0:00:38]} 44. Rb4 {[%clk 0:00:27]} Rc5 {[%clk 0:00:43]} 45. Rf1
{[%clk 0:00:17]} g5 {[%clk 0:00:51]} 46. h4 {[%clk 0:00:26]} Ng3 {[%clk 0:00:28]}
47. hxg5+ {[%clk 0:00:35]} Kxg5 {[%clk 0:00:37]} 48. Re1 {[%clk 0:00:27]} Ne4
{[%clk 0:00:45]} 49. Rf1 {[%clk 0:00:27]} Re5 {[%clk 0:00:46]} 50. Bd1
{[%clk 0:00:24]} Ng3 {[%clk 0:00:49]} 51. Rbxf4 {[%clk 0:00:31]} Nxf1
{[%clk 0:00:53]} 52. Rxf1 {[%clk 0:00:40]} Rd2 {[%clk 0:01:00]} 53. Bb3
{[%clk 0:00:19]} Ree2 {[%clk 0:01:06]} 54. Kh1 {[%clk 0:00:16]} Rxg2
{[%clk 0:01:09]} 55. Bd5 {[%clk 0:00:25]} Rgf2 {[%clk 0:01:11]} 0-1

[Event "Moscow Rapid Chess Cup 2018"]
[Site "?"]
[Date "2018.12.09"]
[Round "11.3"]
[White "Yeletsky, Ivan"]
[Black "Sychev, Klementy"]
[Result "0-1"]
[BlackElo "2544"]
[WhiteElo "2294"]
[LiveChessVersion "1.4.8"]

1. e4 {[%clk 0:15:19]} e5 {[%clk 0:15:19]} 2. Nf3 {[%clk 0:15:28]} Nc6
{[%clk 0:15:28]} 3. Bb5 {[%clk 0:15:37]} a6 {[%clk 0:15:37]} 4. Ba4
{[%clk 0:15:46]} d6 {[%clk 0:15:46]} 5. O-O {[%clk 0:15:42]} Bd7 {[%clk 0:15:54]}
6. c3 {[%clk 0:15:44]} g6 {[%clk 0:16:00]} 7. d4 {[%clk 0:15:52]} Bg7
{[%clk 0:16:08]} 8. d5 {[%clk 0:15:42]} Nce7 {[%clk 0:16:15]} 9. Bxd7+
{[%clk 0:15:50]} Qxd7 {[%clk 0:16:23]} 10. c4 {[%clk 0:15:58]} h6
{[%clk 0:16:18]} 11. Nc3 {[%clk 0:16:06]} f5 {[%clk 0:16:23]} 12. b4
{[%clk 0:14:52]} Nf6 {[%clk 0:16:19]} 13. Nd2 {[%clk 0:14:59]} O-O
{[%clk 0:16:05]} 14. f3 {[%clk 0:14:54]} c6 {[%clk 0:13:11]} 15. Bb2
{[%clk 0:13:41]} Rac8 {[%clk 0:12:33]} 16. Qe2 {[%clk 0:12:51]} Nh5
{[%clk 0:10:11]} 17. g3 {[%clk 0:10:14]} Nf6 {[%clk 0:10:20]} 18. Rac1
{[%clk 0:10:21]} h5 {[%clk 0:10:20]} 19. Kg2 {[%clk 0:06:44]} cxd5
{[%clk 0:07:32]} 20. Nxd5 {[%clk 0:06:23]} Nexd5 {[%clk 0:07:27]} 21. exd5
{[%clk 0:06:32]} b5 {[%clk 0:06:28]} 22. Qd3 {[%clk 0:03:35]} Qb7
{[%clk 0:06:28]} 23. a4 {[%clk 0:02:56]} bxc4 {[%clk 0:05:23]} 24. Nxc4
{[%clk 0:03:03]} Qxd5 {[%clk 0:05:29]} 25. Qe2 {[%clk 0:02:04]} Qe6
{[%clk 0:04:54]} 26. Rfd1 {[%clk 0:01:31]} Rfd8 {[%clk 0:04:47]} 27. Nb6
{[%clk 0:00:28]} Rxc1 {[%clk 0:04:48]} 28. Rxc1 {[%clk 0:00:32]} d5
{[%clk 0:04:33]} 29. a5 {[%clk 0:00:26]} e4 {[%clk 0:03:51]} 30. Rd1
{[%clk 0:00:27]} h4 {[%clk 0:03:17]} 31. fxe4 {[%clk 0:00:22]} fxe4
{[%clk 0:02:50]} 32. gxh4 {[%clk 0:00:19]} Nh5 {[%clk 0:02:53]} 33. Bc1
{[%clk 0:00:19]} d4 {[%clk 0:02:53]} 34. Qc2 {[%clk 0:00:13]} Qg4+
{[%clk 0:02:50]} 35. Kh1 {[%clk 0:00:21]} Qf3+ {[%clk 0:02:47]} 36. Kg1
{[%clk 0:00:30]} d3 {[%clk 0:02:54]} 37. Qb3+ {[%clk 0:00:20]} Kh7
{[%clk 0:02:44]} 38. h3 {[%clk 0:00:11]} Bd4+ {[%clk 0:02:46]} 0-1

[Event "Moscow Rapid Chess Cup 2018"]
[Site "?"]
[Date "2018.12.09"]
[Round "11.6"]
[White "Dvalishvili, Pavel S."]
[Black "Naumkin, Igor"]
[Result "1-0"]
[BlackElo "2410"]
[WhiteElo "2404"]
[LiveChessVersion "1.4.8"]

1. e4 e5 2. Bc4 Nf6 3. d3 Nc6 4. Nc3 Bb4 5. Nge2 d5 6. exd5 Nxd5 7. O-O Bxc3 8.
Bxd5 Qxd5 9. Nxc3 Qd7 10. f4 O-O 11. fxe5 Nxe5 12. Bf4 Ng6 13. Bg3 b6 14. Qf3 Ba6
15. Qd5 Rad8 16. Qxd7 Rxd7 17. b4 Bb7 18. a4 a6 19. a5 b5 20. Rfe1 Rc8 21. Ne4
Bxe4 22. Rxe4 Re7 23. Rae1 Rxe4 24. Rxe4 Nf8 25. c4 Ne6 26. cxb5 axb5 27. Bf2 Kf8
28. Re5 c6 29. Bc5+ Ke8 30. Kf2 Kd7 31. Ke3 f6 32. Rh5 Re8 33. Kd2 Nf4 34. Rxh7
Re2+ 35. Kc3 Rxg2 36. a6 Ke6 37. a7 Ne2+ 38. Kd2 Nd4+ 39. Ke1 Nf3+ 40. Kd1 Ra2
41. Rxg7 Nd2 42. Rg2 1-0